[Event "Let's Play Chess!"]
[Site "http://www.queenalice.com/game.php?id=31215"]
[Date "2005.10.2"]
[Round "-"]
[White "Chesspjn"]
[Black "quercia"]
[Result "0-1"]
[WhiteElo "1566"]
[BlackElo "1749"]

1. e4 c6 2. d4 d5 3. e5 Bf5 4. Nf3 e6 5. Be2 Nd7 6. O-O Ne7 7. Nh4 Be4 8. Nd2 c5
9. Nxe4 dxe4 10. g3 Qc7 11. c3 cxd4 0-1

[Event "Challenge"]
[Site "http://www.queenalice.com/game.php?id=31273"]
[Date "2005.10.1"]
[Round "-"]
[White "quercia"]
[Black "ivan_at"]
[Result "1-0"]
[WhiteElo "1780"]
[BlackElo "1439"]

1. d4 Nf6 2. c4 d5 3. Nf3 dxc4 4. Nc3 e6 5. e3 a6 6. Bxc4 h6 7. O-O b5 8. Bd3 b4
9. Ne4 Bd6 10. Nxf6+ gxf6 11. Re1 Bb7 12. e4 Nd7 13. d5 exd5 14. exd5+ Kf8 15.
Nh4 Bxd5 16. Qh5 Be6 17. Bxh6+ Ke8 18. Rxe6+ Be7 19. Nf5 Rh7 20. Rxe7+ Qxe7 21.
Nxe7 Kxe7 22. Re1+ Kd6 23. Bf4+ 1-0

[Event "AUTO-OPEN-153"]
[Site "http://www.queenalice.com/game.php?id=31304"]
[Date "2005.10.2"]
[Round "1"]
[White "Martineesch"]
[Black "quercia"]
[Result "0-1"]
[WhiteElo "1276"]
[BlackElo "1633"]

1. f4 d5 2. Nf3 Nf6 3. e3 Bg4 4. b3 e6 5. Bb2 Nbd7 6. c4 Be7 7. h3 Bxf3 8. Qxf3
Ne4 9. g3 Bf6 10. d4 Nxg3 0-1

[Event "AUTO-OPEN-153"]
[Site "http://www.queenalice.com/game.php?id=31328"]
[Date "2005.10.2"]
[Round "1"]
[White "AndyKo"]
[Black "quercia"]
[Result "0-1"]
[WhiteElo "1496"]
[BlackElo "1720"]

1. e4 c6 2. Qf3 d5 3. c4 dxe4 4. Qxe4 Nf6 5. Qh4 Na6 6. a3 Nc5 7. Qg3 Qd4 8. Nc3
Nfe4 9. Nxe4 Qxe4+ 10. Be2 Bf5 11. f3 Nd3+ 12. Kd1 Nxb2+ 13. Ke1 Nd3+ 14. Kf1
Qd4 15. Bxd3 Bxd3+ 16. Ne2 Qxa1 17. c5 Qxc1+ 18. Qe1 Qxa3 0-1

[Event "AUTO-OPEN-153"]
[Site "http://www.queenalice.com/game.php?id=31329"]
[Date "2005.10.2"]
[Round "1"]
[White "quercia"]
[Black "AndyKo"]
[Result "1-0"]
[WhiteElo "1814"]
[BlackElo "1479"]

1. d4 d5 2. c4 dxc4 3. Nf3 b5 4. a4 b4 5. e3 Ba6 6. Ne5 Qd5 7. Be2 f6 8. Bf3 Qa5
9. Nxc4 Bxc4 10. Bxa8 e5 11. Nd2 Bd5 12. Nb3 Qb6 13. Bxd5 c6 14. Bxg8 Rxg8 15.
O-O g6 16. dxe5 fxe5 17. Qg4 c5 18. a5 Qc7 19. Qc4 Qf7 20. Qb5+ Nd7 21. Nd2 Qe6
22. Nf3 Bh6 23. e4 a6 24. Qb7 Bxc1 25. Raxc1 Rg7 26. Qc8+ Ke7 27. Rfd1 Nf6 28.
Qxc5+ Ke8 29. Ng5 Qe7 30. Qc8+ 1-0

[Event "AUTO-OPEN-153"]
[Site "http://www.queenalice.com/game.php?id=31342"]
[Date "2005.10.2"]
[Round "1"]
[White "Lucascg"]
[Black "quercia"]
[Result "1/2-1/2"]
[WhiteElo "1903"]
[BlackElo "1874"]

1. d4 d5 2. c4 c6 3. Nf3 Nf6 4. Nc3 e6 5. Bg5 Nbd7 6. e3 Bd6 7. Rc1 O-O 8. Bd3
h6 9. Bh4 Re8 10. O-O dxc4 11. Bxc4 Qc7 12. Bd3 a6 13. e4 e5 14. Bxf6 Nxf6 15.
d5 Bd7 16. dxc6 Bxc6 17. Nd5 Qd8 18. Nxf6+ Qxf6 19. Qe2 Rac8 20. Rfd1 Red8 21.
Rc2 Ba4 22. b3 Bc6 23. Bc4 Rc7 24. Rcd2 Rcd7 25. Bd5 Bb4 26. Rd3 Bb5 27. Bc4
Bxc4 28. bxc4 Rxd3 29. Rxd3 Rxd3 30. Qxd3 Bc5 31. Qd5 Bd4 32. Qxb7 Qf4 33. Qc8+
Kh7 34. Qf5+ Qxf5 35. exf5 Bc3 36. Kf1 Kg8 37. Ke2 f6 38. Kd3 Bb4 39. Nd2 g6 40.
fxg6 Kg7 41. Nb3 Kxg6 42. Ke4 Kf7 43. Kf5 Be1 44. f3 Bb4 45. c5 Ke7 46. c6 a5
47. c7 Kd7 48. c8=Q+ Kxc8 49. Kxf6 Kd7 50. a4 Kd6 51. Kg6 Kd5 52. Kxh6 Kc4 53.
Nc1 Bd2+ 1/2-1/2

[Event "AUTO-OPEN-153"]
[Site "http://www.queenalice.com/game.php?id=31343"]
[Date "2005.10.2"]
[Round "1"]
[White "quercia"]
[Black "Lucascg"]
[Result "1/2-1/2"]
[WhiteElo "1820"]
[BlackElo "1771"]

1. d4 d5 2. c4 e6 3. Nc3 Nf6 4. Nf3 Be7 5. cxd5 exd5 6. Bg5 O-O 7. e3 Bg4 8. h3
Bxf3 9. Qxf3 c6 10. Bd3 Nbd7 11. O-O Re8 12. Rfc1 h6 13. Rc2 hxg5 14. Qg3 Nh7
15. Rb1 Ndf8 16. b4 Bd6 17. Qg4 Qf6 18. b5 Qh6 19. bxc6 bxc6 20. Qf3 Nf6 21. Bf5
g6 22. Bc8 Raxc8 23. Qxf6 Re6 24. Qf3 Qh5 25. Nxd5 Qxf3 26. gxf3 Bb8 27. Nb4 Rf6
28. Nd5 1/2-1/2

[Event "Challenge"]
[Site "http://www.queenalice.com/game.php?id=46566"]
[Date "2006.1.5"]
[Round "-"]
[White "gdan"]
[Black "quercia"]
[Result "0-1"]
[WhiteElo "1873"]
[BlackElo "1843"]

1. e4 c6 2. d4 d5 3. Nc3 dxe4 4. Nxe4 Bf5 5. Ng3 Bg6 6. c3 Nf6 7. Nf3 e6 8. Nh4
Bd6 9. Nxg6 hxg6 10. Bd3 Nbd7 11. Qf3 Qb6 12. O-O O-O-O 13. a4 c5 14. dxc5 Nxc5
15. a5 Qc7 16. Bc2 Rh7 17. Be3 a6 18. b4 Ncd7 19. b5 Bxg3 20. fxg3 Ne5 21. Qf4
Nd5 22. Qd4 Nxc3 23. b6 Ne2+ 24. Kh1 Rxh2+ 0-1

[Event "Challenge"]
[Site "http://www.queenalice.com/game.php?id=47202"]
[Date "2006.1.10"]
[Round "-"]
[White "Asterix"]
[Black "quercia"]
[Result "1-0"]
[WhiteElo "2008"]
[BlackElo "1816"]

1. e4 c6 2. d4 d5 3. e5 Bf5 4. Bd3 Bxd3 5. Qxd3 e6 6. Nf3 Nd7 7. c3 Ne7 8. O-O
Nf5 9. Bf4 c5 10. b3 cxd4 11. Nxd4 Nxd4 12. cxd4 Rc8 13. Nc3 1-0

[Event "Revancha 11"]
[Site "http://www.queenalice.com/game.php?id=53070"]
[Date "2006.2.15"]
[Round "-"]
[White "quercia"]
[Black "sergiogvh"]
[Result "1/2-1/2"]
[WhiteElo "1931"]
[BlackElo "2045"]

1. d4 Nf6 2. c4 e5 3. e3 exd4 4. exd4 d5 5. Nc3 Bb4 6. Bd3 dxc4 7. Bxc4 O-O 8.
Nf3 Re8+ 9. Ne5 Be6 10. Bxe6 Rxe6 11. O-O Nc6 12. Nxc6 Rxc6 13. Qb3 a5 14. a3
Bxc3 15. bxc3 a4 16. Qxb7 Rxc3 17. Rb1 Rd3 18. Bg5 Rxa3 19. Bxf6 gxf6 20. Rfd1
Rc3 21. Qb4 Rc2 22. d5 a3 23. Qb3 Re2 24. Ra1 Qd6 25. Qb7 Rae8 26. Qb3 a2 27. g3
Qc5 28. Qf3 Qc2 29. Qg4+ Kh8 30. Qf3 Kg7 31. h3 R8e4 32. h4 Rb4 33. Rac1 Qxc1
34. Rxc1 Reb2 35. Qa3 Rb1 36. Qxa2 Rxc1+ 37. Kg2 Rd4 38. Qa5 Rc2 39. Kf3 Rdd2
40. Ke4 Rxf2 41. Kd3 Rg2 42. h5 Rc1 43. h6+ Kxh6 44. Qb4 Rxg3+ 45. Kd2 Rcg1 46.
Qf8+ Rg7 47. Ke3 Kh5 48. Qd8 R1g3+ 49. Ke2 Rg2+ 50. Kf1 Rg1+ 51. Ke2 R7g2+ 52.
Kf3 Rc2 53. Qd7 Kg6 54. Qc8 Rc3+ 55. Kf2 Rgc1 56. Qg8+ Kf5 57. Qxf7 Rh1 58. d6
c6 59. Kg2 Rh4 60. Qc7 c5 61. Qc8+ 1/2-1/2

[Event "AUTO-OPEN-153"]
[Site "http://www.queenalice.com/game.php?id=65889"]
[Date "2006.4.28"]
[Round "2"]
[White "Pekraf"]
[Black "quercia"]
[Result "1/2-1/2"]
[WhiteElo "2031"]
[BlackElo "1904"]

1. d4 d5 2. c4 c6 3. Nc3 Nf6 4. e3 e6 5. Nf3 Nbd7 6. Qc2 Bd6 7. Bd3 O-O 8. O-O
Qc7 9. Bd2 Re8 10. Rfe1 dxc4 11. Bxc4 h6 12. Rac1 e5 13. Nb5 cxb5 14. Bxf7+ Kxf7
15. Qb3+ Qc4 16. Rxc4 bxc4 17. Qxc4+ Kg6 18. dxe5 Nxe5 19. Nxe5+ Bxe5 20. f4 Be6
21. Qd3+ Bf5 22. e4 Nxe4 23. g4 Rad8 24. gxf5+ Kh7 25. Qb5 a6 26. Qxb7 Bd4+ 27.
Kg2 Nxd2 28. Rxe8 Rxe8 29. Qxa6 Re3 30. b4 Nf3 31. Qg6+ Kg8 32. Qd6 Kh7 33. a4
Nh4+ 34. Kf1 Rf3+ 35. Ke2 Nxf5 36. Qd5 Rxf4 1/2-1/2

[Event "AUTO-OPEN-153"]
[Site "http://www.queenalice.com/game.php?id=65890"]
[Date "2006.4.28"]
[Round "2"]
[White "quercia"]
[Black "Pekraf"]
[Result "0-1"]
[WhiteElo "1911"]
[BlackElo "2026"]

1. d4 d5 2. Nf3 Nf6 3. c4 c6 4. Nc3 e6 5. e3 Nbd7 6. Qc2 Bd6 7. cxd5 exd5 8. Bd3
O-O 9. O-O Re8 10. Re1 Nf8 11. e4 dxe4 12. Nxe4 Nxe4 13. Bxe4 Bg4 14. Bg5 Qc7
15. h3 Bxf3 16. Bxf3 Rxe1+ 17. Rxe1 Qa5 18. Bd2 Qxa2 19. d5 cxd5 20. Bc3 Rd8 21.
Qf5 d4 22. Bxd4 Bb4 23. Bf6 Bxe1 24. Bxd8 Ne6 25. Qb5 Qb1 26. Qe8+ Nf8 27. g3
Bb4+ 28. Kg2 Bc5 29. Be7 Bxe7 30. Qxe7 Qxb2 31. Bd5 Qf6 32. Qxf6 gxf6 33. Bxb7
Ne6 34. Kf3 Kg7 35. Be4 Ng5+ 36. Ke3 Nxe4 37. Kxe4 Kg6 0-1

[Event "AUTO-OPEN-153"]
[Site "http://www.queenalice.com/game.php?id=65895"]
[Date "2006.4.28"]
[Round "2"]
[White "quercia"]
[Black "ayrton"]
[Result "1-0"]
[WhiteElo "1876"]
[BlackElo "1704"]

1. d4 d5 2. Nf3 e6 3. c4 c6 4. Nc3 Bb4 5. Qc2 b6 6. e3 Ba6 7. b3 c5 8. dxc5 Bxc5
9. b4 Bxb4 10. Qa4+ Qd7 11. Qxb4 Nc6 12. Qa4 Bb7 13. cxd5 exd5 14. Ba3 Nge7 15.
Bxe7 Kxe7 16. Rd1 f6 17. Nxd5+ Kf7 18. Nxb6 Qxd1+ 19. Qxd1 axb6 20. Qd7+ Ne7 21.
Bc4+ Kg6 22. Qg4+ Kh6 23. Qh3+ Kg6 24. Nh4+ 1-0

[Event "AUTO-OPEN-153"]
[Site "http://www.queenalice.com/game.php?id=65896"]
[Date "2006.4.28"]
[Round "2"]
[White "ayrton"]
[Black "quercia"]
[Result "0-1"]
[WhiteElo "1722"]
[BlackElo "1890"]

1. e4 c6 2. d4 d5 3. e5 Bf5 4. Bd3 Bxd3 5. Qxd3 e6 6. Nf3 Ne7 7. O-O Nd7 8. b3
Nf5 9. c4 Be7 10. Bd2 O-O 11. Nc3 dxc4 12. bxc4 Nc5 13. Qb1 Nxd4 14. Rd1 Nxf3+
15. gxf3 Qc7 16. f4 f6 17. Re1 fxe5 18. Rxe5 Rad8 19. Be3 Nd3 20. Rxe6 Nxf4 21.
Re4 Nh3+ 22. Kf1 Qxh2 23. Qe1 Bb4 24. Rc1 Bxc3 25. Rxc3 Qh1+ 26. Ke2 Ng1+ 27.
Qxg1 Qf3+ 0-1

[Event "Torneo Italiano"]
[Site "http://www.queenalice.com/game.php?id=172030"]
[Date "2007.2.21"]
[Round "1"]
[White "quercia"]
[Black "mateintwo"]
[Result "0-1"]
[WhiteElo "1936"]
[BlackElo "2260"]

1. d4 f5 2. Nf3 Nf6 3. c4 g6 4. Nc3 Bg7 5. Bg5 Ne4 6. Bf4 c5 7. e3 Qa5 8. Qa4
Qxa4 9. Nxa4 d6 10. Bd3 Nc6 11. Rd1 e5 12. dxe5 dxe5 13. Bg5 h6 14. Bh4 g5 15.
Bxe4 fxe4 16. Nxg5 hxg5 17. Bxg5 b6 18. Nc3 Bf5 19. h4 Bh6 20. Nb5 Kf7 21. Nd6+
Ke6 22. Nb5 Bxg5 23. Nc7+ Kf7 24. Nxa8 Bd8 25. O-O Ke7 26. Rd2 Rxh4 27. b3 Rh8
28. Rfd1 Bg4 29. Rb1 Bc8 30. Rbd1 Nb8 31. Rd5 Bb7 32. Rxe5+ Kf6 0-1

[Event "AUTO-ADV-2625"]
[Site "http://www.queenalice.com/game.php?id=1104925"]
[Date "2012.9.21"]
[Round "1"]
[White "APSHOOTER"]
[Black "quercia"]
[Result "0-1"]
[WhiteElo "1557"]
[BlackElo "1906"]

1. e4 c6 2. Nf3 d5 3. Nc3 e6 4. a3 Nd7 5. e5 Ne7 6. d4 c5 7. Bg5 c4 8. Be2 b5 9.
Nxb5 Qa5+ 10. Nc3 Qb6 11. b3 cxb3 12. cxb3 Nf5 13. Nb5 Ba6 14. Nc7+ Qxc7 15.
Bxa6 Qa5+ 16. Qd2 Qxa6 17. b4 Rb8 18. Qe2 Qxe2+ 19. Kxe2 Rc8 20. Rhc1 Rb8 21.
Rc7 h6 22. Bd2 Ra8 23. Rac1 Nb6 24. g4 Ne7 25. Rb7 Nc4 26. a4 Nc6 27. b5 Nb4 28.
Bxb4 Bxb4 29. Kf1 O-O 30. Nh4 Rfb8 31. Rxb8+ Rxb8 32. f4 Bd2 33. Rb1 Bxf4 34. h3
Nd2+ 0-1

[Event "AUTO-ADV-2625"]
[Site "http://www.queenalice.com/game.php?id=1104926"]
[Date "2012.9.21"]
[Round "1"]
[White "quercia"]
[Black "APSHOOTER"]
[Result "1-0"]
[WhiteElo "1902"]
[BlackElo "1602"]

1. d4 b6 2. Nf3 Bb7 3. e3 g6 4. c3 Bg7 5. Bd3 Nf6 6. Qc2 Bxf3 7. gxf3 Nc6 8. e4
O-O 9. e5 Nd5 10. Rg1 e6 11. Bc4 Qh4 12. Bxd5 Qxh2 13. Rf1 Nxe5 14. Bxa8 Nxf3+
15. Bxf3 1-0

[Event "AUTO-ADV-2625"]
[Site "http://www.queenalice.com/game.php?id=1104939"]
[Date "2012.9.21"]
[Round "1"]
[White "markim04"]
[Black "quercia"]
[Result "0-1"]
[WhiteElo "1560"]
[BlackElo "1910"]

1. d4 d5 2. c4 e6 3. Nc3 Nf6 4. Nf3 c6 5. Bg5 Nbd7 6. cxd5 exd5 7. e4 dxe4 8.
Nxe4 Be7 9. Nxf6+ Bxf6 10. Be2 Bxg5 11. O-O Bf4 12. Re1 O-O 13. Bd3 Nf6 14. Ne5
Be6 15. Qc2 Qxd4 16. Rad1 Qb6 17. b3 Qc7 18. Nf3 Bd5 19. h3 Bxf3 20. gxf3 Rfe8
21. Qb1 Rxe1+ 22. Rxe1 h6 23. Be4 Rd8 24. Rd1 Rxd1+ 0-1

[Event "AUTO-ADV-2625"]
[Site "http://www.queenalice.com/game.php?id=1104940"]
[Date "2012.9.21"]
[Round "1"]
[White "quercia"]
[Black "markim04"]
[Result "1-0"]
[WhiteElo "1908"]
[BlackElo "1562"]

1. d4 d5 2. c4 c6 3. Nf3 Nf6 4. Nc3 e6 5. e3 Be7 6. Bd3 dxc4 7. Bxc4 O-O 8. O-O
c5 9. Re1 cxd4 10. Nxd4 Nc6 11. Nxc6 bxc6 12. Qxd8 Rxd8 13. Re2 Bb7 14. f3 Rd7
15. e4 Rad8 16. Be3 Bb4 17. Bxa7 Bxc3 18. bxc3 Nh5 19. g3 Rd1+ 20. Rxd1 Rxd1+
21. Kg2 g6 22. Bd4 1-0